000 00732nam a2200193 i 4500
001 79158
003 ES-MaACL
005 20231229063019.0
007 t|
008 041020s1972 sp ||||1| spa d
100 1 _aHernández Gil, Antonio,
_d1915-1994
_962943
245 1 0 _aDerecho de obligaciones /
_cAntonio Hernández Gil.
260 _aMadrid :
_b[s.n.,
_c1972]
300 _a466 p. ;
_c25 cm.
505 8 _aContiene: I. La obligación y su estructura. Doctrina general de fuentes de las obligaciones. Cumplimiento. Pago de las deudas de dinero. Problemas de fluctuación y estabilización monetaria
650 4 _aObligaciones (Derecho)
_915660
852 _aES-MaACL
_jA-5603
_bR.94598
999 _c79158
_d79158